000 00838nam a2200205 i 4500
001 6989
003 ES-MaACL
005 20230906145133.0
007 t|
008 900719s1990 sp ||||1| spa d
080 _a061.3(100)"1990":9
080 _a9(100):061.3"1990"
100 1 _aBenito Ruano, Eloy.
_927689
245 1 3 _aEl Comite Internacional, el Comite Español y los Congresos Internacionales de Ciencias Historicas
_b: 17 Congreso Internacional de Ciencias Historicas : anexo informativo /
_cEloy Benito Ruano.
260 _aMadrid :
_bConsejeria de Educacion de la Comunidad de Madrid,
_c1990.
300 _a34 p. :
_bil. ;
_c24 cm.
650 1 4 _aHistoria-
_vCongresos y asambleas.
_913377
711 2 _aCongreso Internacional de Ciencias Históricas (
_n17º.
_d1990.
_cMadrid)
_9416
852 _aES-MaACL
_j2142-F-29
_bR.118061
999 _c6989
_d6989